Countries Giving 12 Points to Turkey in Eurovision - Statistics

General Stats
  • This quiz has been taken 36 times
    27 since last reset
  • The average score is 16 of 18
Answer Stats
İpucu Answer % Correct
8 Germany
100%
4 United Kingdom
100%
6 Azerbaijan
95%
7 Netherlands
95%
8 France
95%
2 North Macedonia
95%
1 Spain
95%
3 Switzerland
95%
3 Albania
89%
1 Austria
89%
4 Bosnia and Herzegovina
89%
2 Bulgaria
89%
1 Romania
89%
6 Belgium
84%
1 Croatia
79%
1 Malta
74%
1 Yugoslavia
53%
1 Morocco
47%
No matching quizzes found
Score Distribution
Percent of People with Each Score
Percentile by Number Answered
Your Score History
You have not taken this quiz since the last reset